VIII Informe sobre violencia sociopolt̕ica contra mujeres, jv̤enes y niąs en Colombia, 2007- 2008 Violencia sexual

Detalles Bibliográficos
Formato: eBook
Lenguaje:español
Publicado: Bogot:̀ Comisin̤ Colombiana de Juristas, 2008
Materias:
Acceso en línea:Acceso restringido

MARC

LEADER 00000nam a22000007a 4500
005 20200309232345.0
007 cr|||| ||||
008 200309s2008 co |||||s|||| 00||0 spa d
020 |a 978-958-9307-86-1 
035 |a 31192 
040 |a vLex 
090 |c 10214  |d 10214 
245 0 0 |a VIII Informe sobre violencia sociopolt̕ica contra mujeres, jv̤enes y niąs en Colombia, 2007- 2008 Violencia sexual  |h [Recurso electrn̤ico] / 
256 |a Servicio en ln̕ea 
260 |a Bogot:̀  |b Comisin̤ Colombiana de Juristas,  |c 2008 
300 |a 1 recurso electrn̤ico 
506 1 |a Disponible solo en los productos indicados  |d vLex Global  |d vLex Global (Academic Edition, excluding Law Schools)  |d vLex Global (U.S. Academic Edition, Law Schools)  |d vLex Global (U.S. Academic Edition, excluding Law Schools)  |d vLex Global (Academic Edition, Law Schools) 
650 0 4 |a Derecho Internacional  |z Colombia 
740 0 |a vLex Libros (Servicio en ln̕ea) 
856 4 0 |u http://vlex.com/source/viii-informe-violencia-sociopolitica-mujeres-jovenes-ni-as-colombia-2007-2008-violencia-sexual-31192  |z Acceso restringido 
942 |c BOOK 
999 0 |a International right